Transmission and propagation of electromagnetic waves / (Record no. 184222)

000 -LEADER
fixed length control field 01175 a2200253 4500
003 - CONTROL NUMBER IDENTIFIER
control field NUST
005 - DATE AND TIME OF LATEST TRANSACTION
control field 20221202152403.0
010 ## - LIBRARY OF CONGRESS CONTROL NUMBER
LC control number 86002322
020 ## - INTERNATIONAL STANDARD BOOK NUMBER
International Standard Book Number 0521311926 (pbk.)
020 ## - INTERNATIONAL STANDARD BOOK NUMBER
International Standard Book Number 0521324092
040 ## - CATALOGING SOURCE
Transcribing agency Nust
082 00 - DEWEY DECIMAL CLASSIFICATION NUMBER
Classification number 537,SAN
100 1# - MAIN ENTRY--PERSONAL NAME
Personal name Sander, K. F.
9 (RLIN) 66228
245 10 - TITLE STATEMENT
Title Transmission and propagation of electromagnetic waves /
Statement of responsibility, etc. K.F. Sander, G.A.L. Reed.
250 ## - EDITION STATEMENT
Edition statement 2nd ed.
260 ## - PUBLICATION, DISTRIBUTION, ETC.
Place of publication, distribution, etc. Cambridge [Cambridgeshire] ;
-- New York :
Name of publisher, distributor, etc. Cambridge University Press,
Date of publication, distribution, etc. 1986.
300 ## - PHYSICAL DESCRIPTION
Extent x, 458 p. :
Other physical details ill. ;
Dimensions 24 cm.
440 #0 - SERIES STATEMENT/ADDED ENTRY--TITLE
Title Electronics texts for engineers and scientists
9 (RLIN) 103105
505 ## - FORMATTED CONTENTS NOTE
Formatted contents note Plane Electromagnetic Waves (Page-1), Energy Flow the Electrometric Field (Page-39), Guide Waves (Page-55), Radiation (Page-106), Transmission line Theory (Page-153), Propagation in line Systems (Page-206), Wave guide Systems (Page-268), Microwave Radio Systems (Page-327), Optical Transmission (Page-348), Appendices (Page-482) .
650 #0 - SUBJECT ADDED ENTRY--TOPICAL TERM
Topical term or geographic name entry element Electromagnetic waves
General subdivision Transmission.
700 1# - ADDED ENTRY--PERSONAL NAME
Personal name Reed, G. A. L.
9 (RLIN) 104032
856 42 - ELECTRONIC LOCATION AND ACCESS
Materials specified Publisher description
Uniform Resource Identifier <a href="http://www.loc.gov/catdir/description/cam032/86002322.html">http://www.loc.gov/catdir/description/cam032/86002322.html</a>
942 ## - ADDED ENTRY ELEMENTS (KOHA)
Source of classification or shelving scheme
Koha item type Book
Call number prefix 537,SAN
Holdings
Withdrawn status Lost status Source of classification or shelving scheme Damaged status Not for loan Permanent Location Current Location Shelving location Date acquired Full call number Barcode Date last seen Price effective from Koha item type Public note Total Checkouts
          Military College of Signals (MCS) Military College of Signals (MCS) General Stacks 12/12/2016 537,SAN MCS5132 12/08/2016 12/12/2016 Book Almirah No.16, Shelf No.4  
          Military College of Signals (MCS) Military College of Signals (MCS) General Stacks 12/02/2022 537,SAN MCS5131 12/02/2022 12/02/2022 Book Almirah No.77, Shelf No.3  
          Military College of Signals (MCS) Military College of Signals (MCS) General Stacks 12/02/2022 537,SAN MCS5133 12/02/2022 12/02/2022 Book Almirah No.16, Shelf No.4  
          Military College of Signals (MCS) Military College of Signals (MCS) General Stacks 12/02/2022 537,SAN MCS5134 12/02/2022 12/02/2022 Book Almirah No.16, Shelf No.4  
© 2023 Central Library, National University of Sciences and Technology. All Rights Reserved.